000 01103nam a2200241Ia 4500
999 _c37649
_d37649
001 3621
003 GE_BSU
005 20190603152021.0
008 181216s1964||||ge |||||||||||||| ||geo||
040 _cGE_BSU
041 _ageo
080 _a556(075.8) ო–36
100 _aოვჩინიკოვი,ა.მ.
_91979
245 _aზოგადი ჰიდროლოგია : სახელმძღვ. /
_cა.მ. ოვჩინიკოვი ; თარგმ : .თ.ავალიანი ; კ. ჯავრიშვილი.
250 _aთარგმ. მეორე რუსული შესწორ. და შევს. გამ-დან.
264 _aთბილისი :
_bცოდნა,
_c1964.
300 _a350 გვ .:
_c27 სმ.
504 _aბიბლიოგრ.გვ.349
653 _aზოგადი ჰიდროლოგია
700 _aავალიანი,, თ.
_eმთარგმნელი
_91530
700 _aჯავრიშვილი, კ
_eმთარგმნელი
_91980
942 _cBK
_2udc